Alle 156 Sportler /-innen des Jahres (1947 - 2023) - Statistiken

Allgemein
  • Dieses Quiz wurde 59 mal gespielt
  • Das Durchschnittsergebnis liegt bei 66 aus 156
Antwortstatistiken
Jahr Sportart Initialen Sportler \-in % Korrekt
1995 🏎️ Formel 1 M. S. Michael Schumacher
94%
2004 🏎️ Formel 1 M. S. Michael Schumacher
94%
1985 🎾 Tennis B. B. Boris Becker
93%
1986 🎾 Tennis B. B. Boris Becker
93%
1989 🎾 Tennis B. B. Boris Becker
93%
1990 🎾 Tennis B. B. Boris Becker
93%
2010 🏎️ Formel 1 S. V. Sebastian Vettel
93%
2011 🏀 Basketball D. N. Dirk Nowitzki
91%
1997 🚴🏻‍♂️ Radsport J. U. Jan Ullrich
89%
2003 🚴🏻‍♂️ Radsport J. U. Jan Ullrich
89%
2007 🎿 Biathlon M. N. Magdalena Neuner
87%
2011 🎿 Biathlon M. N. Magdalena Neuner
87%
2012 🎿 Biathlon M. N. Magdalena Neuner
87%
1986 🎾 Tennis S. G. Steffi Graf
87%
1987 🎾 Tennis S. G. Steffi Graf
87%
1988 🎾 Tennis S. G. Steffi Graf
87%
1989 🎾 Tennis S. G. Steffi Graf
87%
1999 🎾 Tennis S. G. Steffi Graf
87%
2016 🎾 Tennis A. K. Angelique Kerber
83%
2018 🎾 Tennis A. K. Angelique Kerber
83%
2022 🏃🏼‍♀️100 m Lauf G. L. Gina Lückenkemper
83%
2019 🏃🏼‍♀️ Sprint & Weitsprung M. M. Malaika Mihambo
83%
2020 🏃🏼‍♀️Weitsprung & Sprint M. M. Malaika Mihambo
83%
2021 Weitsprung M. M. Malaika Mihambo
83%
1993 🏊🏼‍♀️ Schwimmen F. v. A. Franziska van Almsick
81%
1995 🏊🏼‍♀️ Schwimmen F. v. A. Franziska van Almsick
81%
2002 🏊🏼‍♀️ Schwimmen F. v. A. Franziska van Almsick
81%
1968 🏃🏼‍♀️ Leichtathletik I. B. Ingrid Becker
81%
1971 Weitsprung I. M.-B. Ingrid Mickler - Becker
81%
2012 💿 Diskus R. H. Robert Harting
81%
2013 💿 Diskus R. H. Robert Harting
81%
2014 💿 Diskus R. H. Robert Harting
81%
2021 🎾 Tennis A. Z. Alexander Zverev
80%
2017 🎿 Biathlon L. D. Laura Dahlmeier
80%
2002 🎿 Skispringen S. H. Sven Hannawald
80%
2007 🤸🏻 Kunstturnen F. H. Fabian Hambüchen
76%
2016 🤸🏻 Kunstturnen F. H. Fabian Hambüchen
76%
2010 🎿 Ski - Alpin M. H.-R. Maria Höfl - Riesch
76%
2014 🎿 Ski - Alpin M. H.-R. Maria Höfl - Riesch
76%
2008 🏋🏻‍♂️ Gewichtheben M. S. Matthias Steiner
76%
2019 Zehnkampf N. K. Niklas Kaul
74%
2022 Zehnkampf N. K. Niklas Kaul
74%
2001 🚴🏻‍♂️ Radsport E. Z. Erik Zabel
72%
2001 🏊🏼‍♀️ Schwimmen H. S. Hannah Stockbauer
70%
2003 🏊🏼‍♀️ Schwimmen H. S. Hannah Stockbauer
70%
2020 🏒 Eishockey L. D. Leon Draisaitl
69%
2015 🏃🏻 Ironman & Triathlon J. F. Jan Frodeno
67%
1979 🏃🏻 400 m Hürden H. S. Harald Schmid
65%
1987 🏃🏻 400 m Hürden H. S. Harald Schmid
65%
1961 🤺 Fechten H. S. Heidi Schmid
65%
1993 🥊 Boxen H. M. Henry Maske
65%
2008 🏊🏼‍♀️ Schwimmen B. S. Britta Steffen
63%
2004 🛶 Kanu B. F. Birgit Fischer
61%
1998 🛷 Rennrodeln G. H. Georg Hackl
61%
2023 🎿 Biathlon D. H.-W. Denise Herrmann - Wick
59%
2006 🎿 Biathlon K. W. Kati Wilhelm
59%
1991 🎾 Tennis M. S. Michael Stich
59%
1948 🎿 Ski - Alpin M. B.-F. Mirl Buchner - Fischer
59%
2009 🏊🏼‍♀️ Schwimmen P. B. Paul Biedermann
59%
2005 🎿 Biathlon U. D. Uschi Disl
57%
2005 🎿 Nordische Kombination R. A. Ronny Ackermann
54%
2000 Weitsprung H. D. Heike Drechsler
52%
2017 🎿 Nordische Kombination J. R. Johannes Rydzek
52%
1982 🏊🏼‍♀️ Schwimmen M. G. Michael Groß
52%
1983 🏊🏼‍♀️ Schwimmen M. G. Michael Groß
52%
1984 🏊🏼‍♀️ Schwimmen M. G. Michael Groß
52%
1988 🏊🏼‍♀️ Schwimmen M. G. Michael Groß
52%
1992 🏃🏻 Langstreckenlauf D. B. Dieter Baumann
50%
2023 🤸🏻‍♂️ Turnen L. D. Lukas Dauser
50%
1994 🎿 Ski - Alpin K. S. Katja Seizinger
46%
1996 🎿 Ski - Alpin K. S. Katja Seizinger
46%
1998 🎿 Ski - Alpin K. S. Katja Seizinger
46%
2018 🏃🏻‍♂️ Triathlon & Ironman P. L Patrick Lange
46%
2013 Speerwurf C. O. Christina Obergföll
44%
1990 🏃🏼‍♀️ Sprint K. K. Katrin Krabbe
43%
1991 🏃🏼‍♀️ Sprint K. K. Katrin Krabbe
43%
2006 🎿 Biathlon M. G. Michael Greis
43%
1996 Zehnkampf F. B. Frank Busemann
41%
2000 🏃🏻 800 m Lauf N. S. Nils Schumann
41%
1976 🎿 Ski - Alpin R. M. Rosi Mittermaier
41%
2009 Speerwurf S. N. Steffi Nerius
39%
1994 🎿 Ski - Alpin M. W. Markus Wasmeier
37%
1981 Hochsprung U. M. Ulrike Meyfarth
37%
1982 Hochsprung U. M. Ulrike Meyfarth
37%
1983 Hochsprung U. M. Ulrike Meyfarth
37%
1984 Hochsprung U. M. Ulrike Meyfarth
37%
2015 ⚪ Kugelstoßen C. S. Christina Schwanitz
35%
1997 ⚪ Kugelstoßen A. K. Astrid Kumbernuss
33%
1992 Hochsprung H. H. Heike Henkel
33%
1977 🚴🏻‍♂️ Radsport D. T. Dietrich Thurau
26%
1960 🎿 Nordische Kombination G. T. Georg Thoma
24%
1947 🎾 Tennis G. v. C. Gottfried von Cramm
24%
1948 🎾 Tennis G. v. C. Gottfried von Cramm
24%
1966 🚴🏻‍♂️ Radsport R. A. Rudi Altig
20%
1955 🏇🏼 Reiten H. G. W. Hans Günter Winkler
19%
1956 🏇🏼 Reiten H. G. W. Hans Günter Winkler
19%
1970 Weitsprung H. R. Heide Rosendahl
19%
1972 Weitsprung H. R. Heide Rosendahl
19%
1975 🛶 Rudern P.-M. K. Peter - Michael Kolbe
19%
1981 🏍️ Motorrad - Rennen T. M. Toni Mang
19%
1974 🤸🏻 Turnen E. G. Eberhard Gienger
17%
1978 🤸🏻 Turnen E. G. Eberhard Gienger
17%
1968 🎿 Nordische Kombination F. K. Franz Keller
17%
1980 🎿 Ski - Alpin I. E. Irene Epple
17%
1972 Speerwurf K. W. Klaus Wolfermann
17%
1973 Speerwurf K. W. Klaus Wolfermann
17%
1978 🎿 Ski - Alpin M. E. Maria Epple
17%
1980 Zehnkampf G. K. Guido Kratschmer
15%
1950 ⛸️ Eiskunstlauf R. B.-F. Ria Baran - Falk
15%
1951 ⛸️ Eiskunstlauf R. B.-F. Ria Baran - Falk
15%
1952 ⛸️ Eiskunstlauf R. B.-F. Ria Baran - Falk
15%
1949 🏍️ Motorrad - Rennen G. M. Georg Meier
13%
1959 ⛸️ Eiskunstlauf M. K. Marika Kilius
11%
1979 🎿 Ski - Alpin C. K. Christa Kinshofer
9%
1976 🚴🏻‍♂️ Radsport G. B. Gregor Braun
9%
1961 Motorsport W. G. B. v. T. Wolfgang Graf Berghe von Trips
9%
1985 🤺 Fechten C. H. Cornelia Hanisch
7%
1954 🏃🏻 Leichtathletik H. F. Heinz Fütterer
7%
1952 🏎️ Formel 1 K. K. Karl Kling
7%
1949 🏃🏼‍♀️ Leichtathletik L. S. Lena Stumpf
7%
1959 🏃🏻 Leichtathletik M. L. Martin Lauer
7%
1953 🏍️ Motorrad - Rennen W. H. Werner Haas
7%
1950 🏊🏼‍♀️ Schwimmen H. K. Herbert Klein
6%
1962 🏃🏼‍♀️ Leichtathletik J. H. Jutta Heine
6%
1967 💿 Diskuswurf L. W. Liesel Westermann
6%
1969 💿 Diskuswurf L. W. Liesel Westermann
6%
1958 🏃🏼‍♀️ Leichtathletik M. W. Marianne Werner
6%
1964 🛶 Kanu A. Z. Annemarie Zimmermann
4%
1974 🏊🏼‍♀️ Schwimmen C. J. Christel Justen
4%
1962 🏊🏼‍♀️ Schwimmen G. H. Gerhard Hetz
4%
1963 🏊🏼‍♀️ Schwimmen G. H. Gerhard Hetz
4%
1965 🏊🏼‍♀️ Schwimmen H.-J. K. Hans - Joachim Klein
4%
1965 🏃🏼‍♀️ Leichtathletik H. H. Helga Hoffmann
4%
1966 🏃🏼‍♀️ Leichtathletik H. H. Helga Hoffmann
4%
1967 Zehnkampf K. B. Kurt Bendlin
4%
1951 ⛸️ Eiskunstlauf P. F. Paul Falk
4%
1964 🏃🏻 Leichtathletik W. H. Willi Holdorf
4%
1953 🏃🏼‍♀️ Leichtathletik C. S. Christa Seliger
2%
1975 🏃🏼‍♀️ 1 500 m Lauf E. W. Ellen Wellmann
2%
1977 ⚪ Kugelstoßen E. W. Eva Wilms
2%
1958 🏇🏼 Reiten F. T. Fritz Thiedemann
2%
1969 🏊🏼‍♀️ Schwimmen H. F. Hans Fassnacht
2%
1970 🏊🏼‍♀️ Schwimmen H. F. Hans Fassnacht
2%
1971 🏊🏼‍♀️ Schwimmen H. F. Hans Fassnacht
2%
1955 🛼 Rollkunstlauf H. K. Helene Kienzle
2%
1960 🏊🏼‍♀️ Kunst,- & Turmspringen I. K. Ingrid Krämer
2%
1966 🏃🏼‍♀️ Leichtathletik K. F. Karin Frisch
2%
1957 🏃🏻 Leichtathletik M. G. Manfred Germar
2%
1947 🏃🏼‍♀️ Leichtathletik M. P. Marga Petersen
2%
1999 🎿 Skispringen M. S. Martin Smitt
2%
1964 🛶 Kanu R. E. Roswitha Esser
2%
1963 🏊🏼‍♀️ Schwimmen U. B. Ursel Brunner
2%
1954 🏊🏼‍♀️ Schwimmen U. H. Ursula Happe
2%
1956 🏊🏼‍♀️ Schwimmen U. H. Ursula Happe
2%
1973 🤸🏼‍♀️ Turnen U. S. Uta Schorn
2%
1957 🏊🏼‍♀️ Schwimmen W. U. Wiltrud Urselmann
2%
Keine übereinstimmenden Quizze gefunden
Verteilung der Resultate
Anzahl Personen mit jedem Resultat
Perzentil nach korrekt beantworteten Fragen
Ihre Resultats-Entwicklung
Sie haben dieses Quiz noch nicht gespielt